000 00326nam a22001457a 4500
008 210312b ||||| |||| 00| 0 eng d
020 _a9780323057431
041 _aeng
080 _27th
_a610.73
082 _27th
_a610.73
100 _a1
101 _aINF
245 _aNursing Resarch
_cWood-Leobiondo,G
942 _2udc
_cBK
999 _c56599
_d56599